Statistics for Most Agriculture Dependent Countries

Click here to take the quiz!

General Stats

  • This quiz has been taken 81 times
  • The average score is 10 of 15

Answer Stats

%Country% Correct
39.02Niger
87%
34.84Ethiopia
83%
49.45Chad
80%
32.14Kenya
80%
38.35Mali
80%
31.20Sudan
77%
29.23Tanzania
71%
40.47Central African Republic
67%
29.31Rwanda
64%
36.36Burundi
60%
46.35Guinea-Bissau
56%
41.38Togo
56%
34.20Liberia
53%
58.21Sierra Leone
53%
29.17Nepal
31%

Score Distribution

Percentile by Number Answered

Percent of People with Each Score

Your Score History

You have not taken this quiz